| 000 | 00603nam a22002297a 4500 | ||
|---|---|---|---|
| 003 | PK-NaQUE | ||
| 005 | 20260512131856.0 | ||
| 008 | 260512b |||||||| |||| 00| 0 eng d | ||
| 020 | _a1259007332 | ||
| 022 | _a978-1259007330 | ||
| 040 | _cQUEST | ||
| 082 | _a624.1834JHA | ||
| 100 | _aJha, Kumar Neeraj | ||
| 245 | _aFormwork for Concrete Structures | ||
| 250 | _a10th ed | ||
| 260 |
_aNew Delhi _bMcGraw Hill _c2014 |
||
| 300 | _a574 | ||
| 650 | _aConcrete construction | ||
| 650 | _aFormwork | ||
| 856 |
_uhttp://10.10.170.122:8080/browse/book/23341 _yDownload eBook |
||
| 942 |
_cBK _2ddc |
||
| 999 |
_c14512 _d14512 |
||